000 00556nam a2200193Ia 4500
005 20250508154747.0
008 008 250505s9999 xx 000 0 eng d
037 _aTextual
040 _aFEDL
_beng
_cFEDL
041 _aeng
_2eng
084 _a361.954, DAS
_qFEDL
100 _aDasgupta Sugata Ed.
_9396819
245 0 _aTowards a philosophy of social work in India
260 _aNew Delhi, India
_bPopular Book Services
300 _axiii,272p.
546 _aWeeded out
942 _cTEXL
_h361.954, DAS
999 _c1351998
_d1351998